Ham Radio Q-codes - Statistics

General Stats
  • This quiz has been taken 57 times
  • The average score is 12 of 20
Answer Stats
Question Q-code % Correct
Are you bothered by noise of natural origin? QRN
78%
Shall I send more slowly? QRS
78%
Shall I decrease transmitter power? QRP
75%
Shall I stop transmissions? QRT
75%
Who is calling me? QRZ
75%
Are you bothered by noise? QRM
72%
Shall I increase transmitter power? QRO
69%
What is the name of your station? QRA
66%
Can you receive? QSL
59%
Are you busy? QRL
56%
Can you communicate with... Directly or through support? QSO
56%
How far approximately are you from my station? QRB
53%
Are you ready? QRV
53%
When you call me again? QRX
53%
What is my exact frequency? QRG
50%
What is the intelligibility of my signals? QRK
50%
What is the strength of my signal? QSA
50%
Shall I send faster? QRQ
47%
Does my signal strength fade? QSB
44%
Can you hear me? If so, can I interrupt you? QSK
44%
No matching quizzes found
Score Distribution
Percent of People with Each Score
Percentile by Number Answered
Your Score History
You have not taken this quiz